| 000 | 00493nam a22001817a 4500 | ||
|---|---|---|---|
| 003 | NUST - PNEC | ||
| 005 | 20170116181131.0 | ||
| 008 | 151006b xxu||||| |||| 00| 0 eng d | ||
| 020 | _a0136398995 | ||
| 040 | _cLIBRARY | ||
| 082 | _a658.3 HUC | ||
| 100 |
_913985 _aHuczynski, Andrzej A. |
||
| 245 |
_aOrganizational behaviour : an introductory text _cAndrzej A. Huczynski |
||
| 250 | _a2nd ed. | ||
| 260 | _cc.1991 | ||
| 650 |
_913988 _aOrganizational behavior _xMIS |
||
| 942 |
_2ddc _cBK |
||
| 999 |
_c69982 _d69982 |
||